000 01258nam a2200289 i 4500
001 21633
003 ES-MaACL
005 20251120142801.0
007 t|
008 021126s1910 sp ||||1| spa d
080 _a821.134.2-14"15"
100 0 _aAlcázar, Baltasar del,
_d1530-1606
_919526
245 1 0 _aPoesías /
_cde Baltasar del Alcázar ; edición de la Real Academia Española ; [prólogo de Francisco Rodríguez Marín].
260 _aMadrid :
_bLibrería de los Suc. de Hernando,
_c1910.
300 _aXCII, 375 p. , [1] h. pleg. :
_b1 retr. ;
_c18 cm.
490 1 _aBiblioteca selecta de autores clásicos españoles ;
_v12
505 8 _aContiene: Árbol genealógico de Alcázar . Poesías amatorias ; Poesías festivas ; Poesías religiosas ; Poesías varias . Glosario
530 _aDisponible en formato digital.
600 0 4 _aAlcázar, Baltasar del,
_d1530-1606
_919526
700 1 _aRodríguez Marín, Francisco,
_d1855-1943
_998634
710 2 _aReal Academia Española
_96336
830 1 _aBiblioteca selecta de autores clásicos españoles ;
_v12
_9180948
852 _aES-MaACL
_jF-3484
_cDEPO2
856 4 _uhttps://archive.org/details/poesas00alcuoft
_yTexto en linea
942 _2udc
999 _c21633
_d21633